000 00259nam a2200097Ia 4500
001 679714
005 20250826161101.0
008 250824s9999 xx 000 0 und d
245 0 _aGELECEĞİ GÖRME ORTAKLIĞI
_cTOLGA GÜMÜŞAY
260 _bGÜNIŞIĞI YAYINLARI
999 _c679714
_d679714